| 000 | 01295nam a2200313Ia 4500 | ||
|---|---|---|---|
| 008 | 130821s1997 ck gs spa | ||
| 040 |
_aCo-BoUCM _bspa |
||
| 041 | 0 | 0 | _aspa |
| 092 | _aCV 0181 | ||
| 092 | _aDVD 1161 | ||
| 110 | 2 | _aInstituto de Seguros Sociales. ISS | |
| 245 | 1 | 0 |
_aProcesamiento de frutas y verduras _c[videograbación] _cInstituto de Seguros Sociales. ISS |
| 260 |
_aBogotá (Colombia) _bISS _c1997 |
||
| 300 |
_a1 videocasete vhs 13 minutos _e1 DVD |
||
| 520 | _aCondiciones del procesamiento de frutas y verduras. Desarrollo e implementación de un programa de Salud Ocupacional que garantice seguridad y salud. Procesamiento de frutas y verduras, factores de riesgo. Capacitación para la Seguridad Social y Salud Ocupacional | ||
| 650 | 0 | 4 |
_aAccidentes de trabajo _98309 |
| 650 | 0 | 4 |
_aAdministración industrial _98602 |
| 650 | 0 | 4 |
_aEnfermedades ocupacionales _914437 |
| 650 | 0 | 4 |
_aFabricas _915511 |
| 650 | 0 | 4 |
_aFrutas _916149 |
| 650 | 0 | 4 |
_aSalud ocupacional _923954 |
| 650 | 0 | 4 |
_aSalud pública _98073 |
| 650 | 0 | 4 |
_aSaneamiento ambiental _923997 |
| 650 | 0 | 4 |
_aSaneamiento _923996 |
| 650 | 0 | 4 |
_aSeguridad industrial _924101 |
| 650 | 0 | 4 |
_aVerduras _926159 |
| 700 | 2 | _aAsociación Colombiana de Pequeños Industriales. ACOPI | |
| 942 |
_cMULTIMEDIA _2LOCAL _a26 _e1 |
||
| 999 |
_c24199 _d24199 |
||